000 00530nam a2200157 a 4500
001 000046156
005 20201002052656.0
008 150630s1999 dr a 000 0 spa d
040 _aDO-SdBNP
_bspa
_cBNPHU
100 1 _aFerdinand, Dinys Luciano
_974202
245 1 0 _aAutoestima y participación social de las mujeres /
_cDinys Luciano Ferdinand.
260 _aSanto Domingo :
_bprograma Mundial de Alimentos,
_c1999.
300 _a24 p. ;
_c21 cm.
490 1 _aDivulgación
_aautoestima
830 0 _aDivulgación
_pautoestima
_974203
999 _c45645
_d45645